[Event "RE-2014-0-00148"]
[Site "LSS email"]
[Date "2015.01.26"]
[Round "?"]
[White "Mauer, Klaus"]
[Black "O'Brien, Glenn"]
[Result "1-0"]
[WhiteElo "1575"]
[BlackElo "1319"]
[PlyCount "47"]
[EventDate "2014.11.18"]
[EventType "tourn (corr)"]
[EventRounds "6"]
[EventCountry "GER"]
[SourceTitle "Corr 2015"]
[Source "ChessBase"]
[SourceDate "2015.07.17"]
[SourceVersion "1"]
[SourceVersionDate "2015.07.17"]
[SourceQuality "1"]

1. e4 e5 2. Nc3 Nf6 3. f4 d5 4. exd5 e4 5. d3 Bb4 6. Bd2 e3 7. Bxe3 0-0 8. Bd2 Re8+ 9. Be2 Nxd5 10. Nf3 Bxc3 11. bxc3 Qf6 12. d4 Nxf4 13. Bxf4 Qxf4 14. Qd2 Qe4 15. Rb1 Be6 16. 0-0 Bxa2 17. Bd3 Qc6 18. Bb5 Qb6 19. Bxe8 Bxb1 20. Bxf7+ Kh8 21. Ng5 Nd7 22. Be6 Nf8 23. Qd3 Bxc2 24. Qxc2 1-0

[Event "RE-2014-0-00148"]
[Site "LSS email"]
[Date "2015.01.25"]
[Round "?"]
[White "Couspeyre, Thierry"]
[Black "Mauer, Klaus"]
[Result "0-1"]
[WhiteElo "1048"]
[BlackElo "1575"]
[PlyCount "74"]
[EventDate "2014.11.18"]
[EventType "tourn (corr)"]
[EventRounds "6"]
[EventCountry "GER"]
[SourceTitle "Corr 2015"]
[Source "ChessBase"]
[SourceDate "2015.07.17"]
[SourceVersion "1"]
[SourceVersionDate "2015.07.17"]
[SourceQuality "1"]

1. e4 e5 2. Nf3 Nc6 3. Bc4 Nf6 4. d4 exd4 5. 0-0 Bc5 6. c3 Nxe4 7. cxd4 d5 8. dxc5 dxc4 9. Qe2 Qd3 10. Qxd3 cxd3 11. Re1 f5 12. Nc3 0-0 13. Nxe4 fxe4 14. Rxe4 Bf5 15. Rc4 Be6 16. Rc3 Rxf3 17. gxf3 Nd4 18. Rxd3 Nc2 19. Bf4 Nxa1 20. Bxc7 Rc8 21. Bd6 Nc2 22. a3 Re8 23. f4 Bc4 24. Rc3 Re1+ 25. Kg2 Bf1+ 26. Kg3 Nd4 27. Kg4 Be2+ 28. Kh3 Nf5 29. Be5 h5 30. Kg2 Bf1+ 31. Kf3 Bb5 32. Kg2 Bc6+ 33. f3 Re2+ 34. Kg1 Nh4 35. Bb8 Nxf3+ 36. Kf1 Rxh2 37. Bxa7 Bb5+ 0-1

[Event "OP-2015-0-03623"]
[Site "LSS email"]
[Date "2015.01.24"]
[Round "?"]
[White "Richter, Klaus"]
[Black "Mauer, Klaus"]
[Result "0-1"]
[WhiteElo "1754"]
[BlackElo "1212"]
[PlyCount "88"]
[EventDate "2015.01.12"]
[EventType "tourn (corr)"]
[EventRounds "4"]
[EventCountry "GER"]
[SourceTitle "Corr 2022"]
[Source "ChessBase"]
[SourceDate "2021.10.24"]
[SourceVersion "1"]
[SourceVersionDate "2021.10.24"]
[SourceQuality "1"]

1. d4 Nc6 2. e4 e5 3. dxe5 Nxe5 4. Nc3 Bc5 5. f4 Nc6 6. Nf3 Nf6 7. e5 Ng4 8. Bc4 0-0 9. Ng5 d6 10. h3 Ngxe5 11. fxe5 Nxe5 12. Bb3 Bf5 13. Bf4 Re8 14. Kf1 Qf6 15. Nd5 Qg6 16. Nxc7 h6 17. Bxe5 Qxg5 18. Bd4 Re4 19. Bxc5 dxc5 20. Nxa8 c4 21. Nc7 Rf4+ 22. Kg1 Be4 23. Rh2 cxb3 24. c3 bxa2 25. Rxa2 Qc5+ 26. Kh1 Qxc7 27. Qg1 a5 28. Ra1 Qc4 29. Qe3 Rf1+ 30. Rxf1 Qxf1+ 31. Qg1 Qe2 32. h4 f5 33. Qc1 Qf2 34. Qg1 Qxb2 35. Rh3 Qe2 36. Re3 Qd2 37. Rxe4 fxe4 38. Qc5 Qe1+ 39. Kh2 Qxh4+ 40. Kg1 Qd8 41. Qc4+ Kh8 42. Qxe4 b5 43. Kf2 Qf8+ 44. Kg1 a4 0-1